Φορτώνει......

Fundamentals of digital communications

Λεπτομέρειες βιβλιογραφικής εγγραφής
Κύριος συγγραφέας: MADHAV,Upamanyu
Μορφή: Printed Book
Έκδοση: Newyork Cambridge university press 2008
LEADER 00524nam a22001337a 4500
999 |c 263960  |d 263960 
020 |a 9780521171571 
082 |a 621.382751 
100 |a MADHAV,Upamanyu 
245 |a Fundamentals of digital communications 
260 |a Newyork  |b Cambridge university press  |c 2008 
505 |a modulation--demodulation--channel equalization--channel coding--wireless communication 
942 |c BK 
952 |0 0  |1 0  |4 0  |6 621_382751000000000_MAD_F  |7 0  |9 280547  |a DOP  |b DOP  |d 2020-02-01  |l 0  |o 621.382751 MAD/F  |p DOP3013  |r 2020-02-01  |w 2020-02-01  |y BK